Concordantiarum SS. Scripturae manuale. Editio in commodissimum ordinem disposita et cum ipso texto sacro de verbo ad verbum sexies collata

Gespeichert in:
Bibliographische Detailangaben
Hauptverfasser: Raze de (VerfasserIn), Lachaud (VerfasserIn), Flandrin (VerfasserIn)
Format: Buch
Sprache:Spanisch
Veröffentlicht: Barcelona Librería Religiosa 1958
Schlagworte:
Tags: Tag hinzufügen
Keine Tags, Fügen Sie den ersten Tag hinzu!

MARC

LEADER 00000cam a2200000 a 4500
001 UCD1046
003 CL-VaPUC
008 151231e19580000sp |||||||||||||||||spa|d
082 0 4 |a 090  |b RAZ  |2 21 
100 0 |a Raze de  |e author  |9 584127 
700 0 |a Lachaud  |e author  |9 584128 
700 0 |a Flandrin  |e author  |9 584129 
245 1 0 |a Concordantiarum SS. Scripturae manuale. Editio in commodissimum ordinem disposita et cum ipso texto sacro de verbo ad verbum sexies collata 
300 |a 751 p 
942 |c BK 
945 |d 20151231 00:35:00  |a gsalatino 
260 |a Barcelona  |b Librería Religiosa  |c 1958 
650 7 |a CONCORDANCIAS BIBLICAS  |2 CL-VaPUC  |9 516894 
583 |a last modification  |c 20151231 00:35:00  |k Rodrigo Vera 
999 |c 362476  |d 362474 
952 |0 0  |1 0  |3 erb  |4 0  |6 090_000000000000000_RAZ_1958  |7 0  |8 P  |9 473752  |a BIBTEO  |b BIBTES  |c TEO_FTES  |i 5275741  |o 090 RAZ 1958  |p 5275741  |r 2024-01-18  |w 2019-11-24  |y BK  |z Catalogado en:20151231  |k ICR